Statystyki dla Kraje z największym PKB na mieszkańca na świecie.

Kliknij tutaj aby rozwiązać quiz!

Ogólne statystyki

  • Ten quiz został rozwiązany 78 razy
  • Średni wynik to 18 z 25

Statystyki odpowiedzi

#PKB na mieszkańcaKraj% Poprawnych
7$63,416Stany Zjednoczone
96%
22$48,720Kanada
88%
6$65,800Norwegia
88%
17$54,076Niemcy
87%
16$54,146Szwecja
87%
24$46,062Francja
85%
5$72,874Szwajcaria
85%
1$118,001Luksemburg
84%
9$58,932Dania
81%
12$57,534Holandia
81%
19$51,096Belgia
79%
20$49,853Finlandia
79%
18$51,680Australia
75%
15$55,218Austria
75%
3$94,392Irlandia
74%
25$44,621Korea Południowa
69%
14$55,596Islandia
68%
2$97,057Singapur
68%
4$93,508Katar
66%
23$46,811Arabia Saudyjska
60%
10$58,753Zjednoczone Emiraty Arabskie
59%
11$58,427San Marino
49%
21$48,766Bahrajn
46%
13$55,724Tajwan
40%
8$62,371Brunei
29%

Rozkład punktacji

Percentyl według liczby udzielonych odpowiedzi

Procent ludzi z każdym wynikiem

Twoja historia wyników

Nie rozwiązałeś tego quizu